000 00537nam a2200217Ia 4500
008 101110s9999 xx 000 0 und d
041 _aENGLISH
082 _bSR34948
100 _aBalaguruswamy E.
245 _aFundamentals of computers
260 _c2010
_bTata McGraw Hill Education, New Delhi
300 _a444
365 _b275
520 _aComputer
546 _aENGLISH
630 _aFundamentals of computers
650 _aComputer
655 _aComputer
730 _aFundamentals of computers
942 _cBOOK
999 _c827449
_d827446